Tuyển chọn các bài toán thi trắc nghiệm

Spremljeno u:
Bibliografski detalji
Glavni autor: ĐẶNG ĐỨC TRỌNG
Format: Knjiga
Jezik:Undetermined
Izdano: Đà Nẵng 2002
Oznake: Dodaj oznaku
Bez oznaka, Budi prvi tko označuje ovaj zapis!
Thư viện lưu trữ: Trung tâm Học liệu Trường Đại học Cần Thơ
LEADER 00444nam a2200145Ia 4500
001 CTU_49868
008 210402s9999 xx 000 0 und d
082 |a 510.076 
082 |b Tr431 
100 |a ĐẶNG ĐỨC TRỌNG 
245 0 |a Tuyển chọn các bài toán thi trắc nghiệm 
245 0 |c ĐẶNG ĐỨC TRỌNG 
260 |b Đà Nẵng 
260 |c 2002 
980 |a Trung tâm Học liệu Trường Đại học Cần Thơ